| 000 | 00703nam a2200193 4500 | ||
|---|---|---|---|
| 003 | CO-ViMGA | ||
| 020 | _a9789585833906 | ||
| 040 |
_aCO-ViMGA _bspa _cCO-ViMGA |
||
| 082 | 0 | 4 |
_a741.5973 _bS755m |
| 100 | 1 |
_aSpiegelman, Art _d1948- _912032 |
|
| 245 | 1 | 0 |
_aMAUS : _brelato de un superviviente / _cArt Spiegelman ; traducción Cruz Rodríguez |
| 260 |
_aBogotá : _bPenguin Random House Grupon Editorial, _c2014 |
||
| 300 |
_a295 p. : _bil. |
||
| 650 | 1 | 4 |
_aHolocausto judio _vTiras cómicas, historietas, etc _y1939-1945 _912033 |
| 650 | 1 | 4 |
_aNovela grafica _92494 |
| 650 | 1 | 4 |
_aPersecuciones de los judíos _vTiras cómicas, historietas, etc _912034 |
| 700 | 1 |
_aRodríguez, Cruz, _etr. _912035 |
|
| 942 |
_2ddc _cBK |
||
| 999 |
_c36975 _d36975 |
||